LEADER 00904nam a2200265 i 4500 001 991001952789707536 005 20020508184130.0 008 010323s1976 it ||| | ita 035 $ab10937407-39ule_inst 035 $aPARLA151810$9ExL 040 $aDip.to Scienze Storiche Fil. e Geogr.$bita 082 0 $a335.8 100 1 $aGoldman, Emma$0525362 245 10$aAnarchia femminismo e altri saggi /$cEmma Goldman 260 $aMilano :$bLa salamandra,$c1976 300 $a219 p. ;$c20 cm. 440 3$aIl Filo rosso ;$v4 650 4$aAnarchia 650 4$aFemminismo 907 $a.b10937407$b21-09-06$c28-06-02 912 $a991001952789707536 945 $aLE009 STOR.894-18$g1$i2009000030619$lle009$o-$pE0.00$q-$rl$s- $t0$u0$v0$w0$x0$y.i11043763$z28-06-02 996 $aAnarchia femminismo e altri saggi$9919627 997 $aUNISALENTO 998 $ale009$b01-01-01$cm$da $e-$fita$git $h0$i1 LEADER 01955nam 2200577 a 450 001 9910781624103321 005 20231101170640.0 010 $a1-283-63544-5 010 $a0-8263-3766-X 035 $a(CKB)2550000000051169 035 $a(EBL)1119032 035 $a(OCoLC)817818802 035 $a(SSID)ssj0000539690 035 $a(PQKBManifestationID)11369668 035 $a(PQKBTitleCode)TC0000539690 035 $a(PQKBWorkID)10579902 035 $a(PQKB)11476543 035 $a(OCoLC)780538071 035 $a(MdBmJHUP)muse7459 035 $a(Au-PeEL)EBL1119032 035 $a(CaPaEBR)ebr10492234 035 $a(MiAaPQ)EBC1119032 035 $a(EXLCZ)992550000000051169 100 $a20051114d2006 uy 0 101 0 $aeng 135 $aur|n|---||||| 181 $ctxt 182 $cc 183 $acr 200 14$aThe Old West in the old world$b[electronic resource] $elost plays by Bret Harte and Sam Davis /$fedited by Lawrence I. Berkove and Gary Scharnhorst 210 $aAlbuquerque $cUniversity of New Mexico Press$d2006 215 $a1 online resource (236 p.) 300 $aDescription based upon print version of record. 311 $a0-8263-3764-3 320 $aIncludes bibliographical references and index. 327 $aThe luck of Roaring Camp / by Bret Harte --The prince of Timbuctoo / by Sam Davis. 330 $aPresents the plays The Luck of Roaring Camp , by Bret Harte, and The Prince of Timbuctoo , by Sam Davis. 606 $aWestern plays 615 0$aWestern plays 676 $a812/.408 700 $aHarte$b Bret$f1836-1902.$0193120 701 $aBerkove$b Lawrence I$01526041 701 $aScharnhorst$b Gary$01510553 701 2$aDavis$b Sam P$g(Sam Post),$f1850-1918.$01577769 801 0$bMiAaPQ 801 1$bMiAaPQ 801 2$bMiAaPQ 906 $aBOOK 912 $a9910781624103321 996 $aThe Old West in the old world$93856634 997 $aUNINA